000
00335nam a2200145Ia 4500
005
20251222152644.0
008
251222s9999||||xx |||||||||||||| ||spa||
020
_a
84226225385
082
_a
800/M26
100
_a
MartÃn, Andreu
245
0
_a
Infierno Forestal
250
_a
1ra.ed.
264
_b
Editorial El Molino
942
_c
LIB
999
_c
28187
_d
28187